000 nam a22 7a 4500
999 _c17338
_d17338
008 161123b xxu||||| |||| 00| 0 eng d
020 _a9781573874731
050 _aREF 161 .L58 2013
100 _aInformation Today, Inc.
_d2013.
245 _aLMP 2014 : literary market place :
_bthe directory of the American book publishing industry with industry yellow pages/
_cInformation Today, Inc.
260 _aMedford, NJ :
_bInformation Today, Inc.,
_c2013.
300 _axii,1775p.:
_bill.;
_c28cm.
521 _aIncludes index.
650 _aPublishers and publishing -- United States -- Directories.
650 _aBook industries and trade -- United States -- Directories.
650 _aBook industries and trade.
942 _2lcc
_cBOOKS
_hREF 161 .L58 2013